000 00806cam a2200289u 4500
001 9427064
003 SISC
005 20160321133249.0
008 820623m19689999xx a 000 0 eng
010 _a 68004650
020 _a0030895405
040 _aDLC
_cCarP
_dDLC
050 0 0 _aM 1994
_b.L263 1971
082 _aHS 780
_bL23 1975
100 1 _aLandis, Beth.
_914867
245 1 0 _aExploring music /
_cBeth Landis.
260 _aNew York :
_bRinehart and Winston,
_cc1971.
300 _a252 p. :
_bcol. ill. ;
_c27 cm.
526 _c
562 _e
650 0 _aSchool songbooks.
_914868
700 1 _aHoggard, Lara, [from old catalog]
_ejoint author.
_914869
740 _aMan and his arts.
906 _a0
_bcbc
_cpremunv
_du
_encip
_f19
_gy-gencatlg
942 _2lcc
_cBK
999 _c9734
_d9734